000 00646nam a2200241Ia 4500
003 OSt
005 20221005090758.0
006 a|||||r|||| 00| 0
007 ta
008 221004b |||||||| |||| 00| 0 eng d
024 _a69138
037 _cTextual
040 _aCRL
_cCRL
_beng
041 _2eng
_aeng
082 _aY:1:(S), N3
100 _aSapir Edward
245 0 _aPsychology of culture.
_b A course of lectures ed by Judith T Irvine
260 _aNew York
_bMouton de Gruvter
_c1993
300 _a266p.
_ccm.
650 _aSOCIOLOGY
942 _hY:1:(S), N3
_cTEXL
_2cc
999 _c996354
_d996354